各种知识 #23 General knowledge - Statistics

General Stats
  • This quiz has been taken 43 times
  • The average score is 9 of 20
Answer Stats
出题者 问题 答案 % Correct
XON 不考虑纪念币的情况下,美元纸币最大面额为 100
93%
pcktrsss 日语的星期表示中,“土曜日”对应的是星期几
90%
XON 不考虑纪念币的情况下,欧元纸币最大面额为 500
88%
pcktrsss “公检法”中的检指的是 检察院
73%
TMDDS 东北人说的“茅楼”指的是 厕所
59%
TMDDS 马拉松赛事中的配速员俗称(一种动物) 兔子
56%
pcktrsss 狗吃巧克力会中毒,这是因为巧克力中含有 可可碱
51%
XON 影视类奖项"金棕榈奖"的主办国是 法国
49%
XON 影视类奖项"金狮奖"的主办国是 意大利
46%
pcktrsss 八卦中,与“风”对应的卦名是
46%
XON 影视类奖项"金球奖"的主办国是 美国
44%
TMDDS 2000~2013年间播出的央视综艺节目《开心辞典》的女主持人是 王小丫
39%
pcktrsss 海南口音网络魔性歌曲“叮咚鸡叮咚鸡,大狗大狗叫叫叫”中的“大狗叫”实际上是 戴口罩
37%
XON 初代iPhone使用的芯片是由哪一家公司设计的 三星
20%
TMDDS 长安站是位于中国哪座城市境内的铁路车站? 东莞
17%
pcktrsss 主持人、“性格色彩分析大师”乐嘉曾经在一场综艺节目录制中失去一颗睾丸,这个央视的综艺是 了不起的挑战
15%
hahahasisisi jetpunk答题网站的创办人站内id是 Quizmaster
12%
hahahasisisi 美国人口最多的“斯普林菲尔德(Springfield)”市位于哪个州 密苏里州
10%
TMDDS 大杜鹃等鸟类自己不筑巢,而是将蛋下在其他鸟类的巢中,由其他鸟代为孵化和育雏,这种行为被称作 巢寄生
10%
TMDDS 青州站是位于中国哪座城市境内的铁路车站? 三明
5%
No matching quizzes found
Score Distribution
Percent of People with Each Score
Percentile by Number Answered
Your Score History
You have not taken this quiz